Cliquez sur le bon pays en Europe - Statistiques

Statistiques générales
  • Ce quiz a été pris 460 fois
  • Le résultat moyen est 34 sur 45
Réponses sur la Carte
Les réponses sont colorées sur une échelle allant du rouge au vert en fonction du pourcentage des utilisateurs qui les ont devinées à leur premier essai. Vous pouvez retrouver ces pourcentages ci-dessous.
 
Statistiques - réponses
Réponse % Correct
Russie
88%
Belgique
86%
France
86%
Allemagne
85%
Espagne
85%
Italie
85%
Royaume-Uni
85%
Grèce
83%
Portugal
83%
Suisse
83%
Irlande
82%
Biélorussie
81%
Ukraine
81%
Islande
80%
Andorre
79%
Danemark
79%
Monaco
79%
Pologne
79%
Norvège
78%
Pays-Bas
78%
Suède
78%
Finlande
77%
Roumanie
76%
Liechtenstein
75%
Luxembourg
75%
Vatican
75%
Croatie
73%
Lettonie
73%
Lituanie
71%
Malte
71%
République tchèque
71%
Saint-Marin
71%
Autriche
70%
Estonie
69%
Moldavie
67%
Albanie
65%
Hongrie
64%
Kosovo
63%
Slovaquie
62%
Bulgarie
61%
Serbie
61%
Bosnie–Herzégovine
60%
Macédoine du Nord
60%
Monténégro
59%
Slovénie
57%
Aucun quiz correspondant
Distribution des résultats
% des personnes avec chaque résultat
Percentile par nombre de réponses
Votre historique - résultats
Vous n’avez pas pris ce quiz